| 000 | 01268nam a22002297a 4500 | ||
|---|---|---|---|
| 005 | 20250805093218.0 | ||
| 006 | a|||||r||||||||||| | ||
| 008 | 250805b |||||||f |||| 00| 0 eng d | ||
| 020 | _a0471210781 | ||
| 040 |
_aGR-AtMCL _dGR-AtMCL _beng _eAACR2 |
||
| 100 |
_aKuncheva, Ludmila I. _99948 |
||
| 245 | 1 | 0 |
_aCombining pattern classifiers : _bmethods and algorithms / _cLudmila I. Kuncheva. |
| 260 |
_aHoboken, NJ : _bJ. Wiley, _c2004. |
||
| 300 |
_axx, 350 p. : _bill. ; _c24 cm. |
||
| 504 | _aIncludes bibliographical references (p. 329-345) and index. | ||
| 520 | _aCovering pattern classification methods, Combining Classifiers: Ideas and Methods focuses on the important and widely studied issue of how to combine several classifiers together in order to achieve improved recognition performance. It is one of the first books to provide unified, coherent, and expansive coverage of the topic and as such will be welcomed by those involved in the area. With case studies that bring the text alive and demonstrate 'real-world' applications it is destined to become essential reading. | ||
| 650 | 0 |
_aPattern recognition systems _99949 |
|
| 650 | 0 |
_aComputing _99851 |
|
| 650 | 0 |
_aImage processing _xDigital techniques _99950 |
|
| 942 | _cBK | ||
| 999 |
_c9869 _d9869 |
||